00349nam a2200097Ia 4500008004100000100001700041245005900058245004900117260000900166856007600175160531s9999 xx 000 0 und d aBonnie, R.J. aInvesting in the Health and Well-Being of Young Adults cby R.J. Bonnie, C. Stroud, H. Breiner (eds.) c2015 uhttp://www.ncbi.nlm.nih.gov/books/NBK284787/pdf/Bookshelf_NBK284787.pdf